00559nam a2200193Ia 450000500170000000800410001708200130005810000220007124500480009326000420014130000130018365000130019665000120020965000150022165000130023694200060024995200950025599900150035020240730051705.0240331s9999 xx 000 0 und d bWICa294 aWickremasinghe, M 0aBuddism and culturecMartin, Wickramasinghe aCeylonbTisara Poth Prakasakayoc1964 a202 p ., aBuddhism aCulture aPsychology aPolitics cL 001040708LaWERCLbWERCLcSSCd2024-03-31l0o 294 WICp5570r2024-03-31w2024-03-31yL c1366d1366